| 000 | 00911cam a2200289Li 4500 | ||
|---|---|---|---|
| 001 | 78914 | ||
| 005 | 20230410115525.0 | ||
| 008 | 941215s1971 xxu 000 0 eng d | ||
| 035 | _a(OCoLC)ocn468262407 | ||
| 040 |
_aBDF _bfre _cBDF _dRBA |
||
| 016 | 7 |
_aFRBNF374579380000003 _2FrPBN |
|
| 035 | _a(OCoLC)468262407 | ||
| 050 | 1 | 4 | _aHD5706 D652i 1971 |
| 082 | 1 |
_a331.120 973 _222 |
|
| 100 | 1 |
_aDoeringer, Peter B. _4aut |
|
| 245 | 1 | 0 |
_aInternal labor markets and manpower analysis / _cPeter B. Doeringer,... Michael J. Piore,... |
| 260 |
_aLexington (Mass.) : _bHeath Lexington books, _ccop. 1971. |
||
| 300 |
_aVIII-214 p. ; _c24 cm. |
||
| 500 | _aNotes bibliogr. Index. | ||
| 650 | 7 |
_aPersonnel _xDirection _zEtats-Unis. _2ram |
|
| 650 | 6 | _aPsychologie du travail. | |
| 650 | 6 | _aEconomie du travail. | |
| 700 | 1 |
_aPiore, Michael J. _4aut |
|
| 942 |
_2lcc _cbk |
||
| 946 | _amfcruz | ||
| 994 |
_aC0 _bDRFGD |
||
| 999 |
_c42903 _d42903 |
||